000 01198nam0a22002771 4500
001 rc\3923391
005 20260407072929.0
021 _aRU
_b[50-11939]
035 _a(NLR Aleph) 008027319
090 _a8798913
_c8798913
100 _a20130415d1950 |||y0rusy50 ca
101 0 _arus
102 _aRU
105 _ay z |||||
200 1 _aАгрессивная идеология и политика американского империализма
_e[Сборник статей
_fРед. коллегия: К.В. Островитянов и др.]
_gИн-т экономики Акад. наук СССР
210 _aМосква
_cГоспланиздат
_d1950
_gТип. им. Воровского в Калуге
215 _a488 с.
_d23
320 _aБиблиогр. в подстроч. примеч.
606 _aАмериканский империализм
_2psbo
702 1 _aОстровитянов
_bК.В.
_gКонстантин Васильевич
_4340
712 0 2 _aИнститут экономики
_cМосква
_3RU\NLR\AUTH\882985
_9277114
801 0 _aRU
_bNLR
_gpsbo
801 1 _aRU
_bELAR
_2rusmarc
852 _aNLR
_jИ96 Г-5/8
942 _cBOOK
980 _aNB